大內錦衣衛 : 豹房春秋
| 資料類型: | 圖書 | 書目號: | 45595 |
Leader xxxxxxxxxx 001 __ PCLIS00045595 005 __ 20120717111355.0008 010 0_ |a978-986-167-962-4|b平裝|dNT$270 042 __ |anbic 100 __ |a20120703d2012 m y0chiy50 e 101 0_ |achi 102 __ |atw 105 __ |ay z 000ay 200 1_ |a大內錦衣衛|e豹房春秋|f馮精志著 205 __ |a初版 210 __ |a新北市深坑區|c新潮社文化出版|a新北市土城區|c創智文化代理|d2012[民101] 215 0_ |a334面|c|d21公分 225 2_ |a現代小說館|v2 300 __ |a 510 1_ |aDanei jinyiwei|zeng 606 __ |a歷史小說|2cst 681 __ |a857.7|b3194|v2007年版 700 _1 |a馮|b精志|4著 702 __ |a|b|4 801 _2 |atw|bNTL|c20120627|gCCR |